Organizational behavior (Record no. 3316)

MARC details
005 - DATE AND TIME OF LATEST TRANSACTION
control field 20250606125315.0
020 ## - INTERNATIONAL STANDARD BOOK NUMBER
International Standard Book Number 0-13-243156-4
082 ## - DEWEY DECIMAL CLASSIFICATION NUMBER
Classification number LECT 658.3 ROB
100 ## - MAIN ENTRY--PERSONAL NAME
Author name ROBBINS, S. P
245 ## - TITLE STATEMENT
Title Organizational behavior
250 ## - EDITION STATEMENT
Edition statement 12th Ed.
260 ## - PUBLICATION, DISTRIBUTION, ETC.
Place of publication, distribution, etc. New Jersey,
Name of publisher, distributor, etc. Pearson Education, Inc.,
Date of publication, distribution, etc. 2007.
300 ## - PHYSICAL DESCRIPTION
Extent xxxi, 759p.: ill.; chart, figure, graph, picture, table.
Other physical details Bibliographic reference & Index,
Dimensions 28cm.
700 ## - ADDED ENTRY--PERSONAL NAME
Other authors/Editors JUDGE, T. A.
856 ## - ELECTRONIC LOCATION AND ACCESS
Link text Access online book
Electronic name Organizational behavior
Path www.prenhall.com
942 ## - ADDED ENTRY ELEMENTS (KOHA)
Source of classification or shelving scheme Dewey Decimal Classification
Koha item type Books
Holdings
Date last seen Total checkouts Full call number Barcode Cost, replacement price Price effective from Koha item type Lost status Source of classification or shelving scheme Damaged status Not for loan Withdrawn status Home library Current library Shelving location Date acquired Cost, normal purchase price Date last checked out
01/27/2026 1 658.3 ROB DOM0001661 88500.00 06/25/2025 Books   Dewey Decimal Classification       CBE Dodoma CBE Dodoma General Collection 09/16/2010 29500.00 12/30/2025
06/06/2025   LECT 658.3 ROB 00000011294 88500.00 06/06/2025 Books   Dewey Decimal Classification       College of Business Education Main Library College of Business Education Main Library General Collection 10/26/2005 29500.00  
06/06/2025   LECT 658.3 ROB 00000011295 88500.00 06/06/2025 Books   Dewey Decimal Classification       College of Business Education Main Library College of Business Education Main Library General Collection 10/26/2005 29500.00  
06/06/2025   LECT 658.3 ROB 00000011296 88500.00 06/06/2025 Books   Dewey Decimal Classification       College of Business Education Main Library College of Business Education Main Library General Collection 10/26/2005 29500.00  
06/06/2025   LECT 658.3 ROB 00000011297 88500.00 06/06/2025 Books   Dewey Decimal Classification       College of Business Education Main Library College of Business Education Main Library General Collection 10/26/2005 29500.00  
06/06/2025   LECT 658.3 ROB 00000011298 88500.00 06/06/2025 Books   Dewey Decimal Classification       College of Business Education Main Library College of Business Education Main Library General Collection 10/26/2005 29500.00